Super pendus - Îles - Statistiques

Statistiques générales
  • Ce quiz a été pris 930 fois
  • Le résultat moyen est 43 sur 60
Statistiques - réponses
Réponses % Correct
E
92%
E
92%
E
92%
E
92%
E
92%
E
92%
E
92%
E
92%
I
88%
I
88%
I
88%
O
86%
O
86%
O
86%
O
86%
O
86%
O
86%
O
86%
R
84%
R
84%
R
84%
R
84%
R
84%
R
84%
N
79%
N
79%
N
79%
N
79%
N
79%
N
79%
U
79%
U
79%
U
79%
U
79%
U
79%
L
75%
L
75%
L
75%
S
71%
S
71%
S
71%
S
71%
C
70%
C
70%
C
70%
C
70%
B
67%
B
67%
M
56%
P
49%
H
46%
H
46%
H
46%
Y
44%
Y
44%
Y
44%
V
31%
K
19%
J
14%
J
14%
Aucun quiz correspondant
Distribution des résultats
% des personnes avec chaque résultat
Percentile par nombre de réponses
Votre historique - résultats
Vous n’avez pas pris ce quiz